| 000 | 00485nam a2200229Ia 4500 | ||
|---|---|---|---|
| 008 | 210210b1967 xxu||||| |||| 00| 0 eng d | ||
| 041 | _aeng | ||
| 082 | _a590/241 | ||
| 100 | _aPARKER | ||
| 245 | _aText book of zoology Vol II | ||
| 260 |
_aLondon _bMacmillan & Co. Ltd. _c1967 |
||
| 440 | _aII | ||
| 650 | _azoology | ||
| 650 | _aVol | ||
| 650 | _aText | ||
| 650 | _aof | ||
| 650 | _aII | ||
| 650 | _abook | ||
| 690 | _aZoology | ||
| 700 | _aHASWELL | ||
| 906 | _a010813 | ||
| 999 |
_c138703 _d138703 |
||